| 000 | 00546nam a2200193 4500 | ||
|---|---|---|---|
| 001 | 22471 | ||
| 005 | 20230410143534.0 | ||
| 008 | 060907n2003 dr spa | ||
| 020 | _a0324152558 | ||
| 035 | _9funglode22634 | ||
| 041 | _aEN | ||
| 050 | 1 | 4 | _aT 173.8 B763e 2003 |
| 100 | _aBoulger, Carolyn A | ||
| 245 | 1 |
_aE-technology and the fourth economy / _cCarolyn A. Boulger |
|
| 260 |
_aMason, OH : _bThomson South-Western, _c2003 |
||
| 300 | _axiii, 80 p. | ||
| 440 |
_aManagerial Communication Series ; _v2 |
||
| 942 |
_2lcc _cbk |
||
| 999 |
_c103499 _d103499 |
||